| 000 | 00667nam a22002415a 4500 | ||
|---|---|---|---|
| 001 | 36909 | ||
| 003 | BD-RjUL | ||
| 005 | 20211209052545.0 | ||
| 008 | 140923s1996 ii b 000 0 eng | ||
| 020 | _a8185031894 | ||
| 035 | _a(BD-RjUL) | ||
| 040 |
_aDLC _cDLC _beng _dBD-RjUL |
||
| 041 | _aeng | ||
| 082 |
_a660.65 _bRAT 1996 |
||
| 100 | 1 |
_aRanjan, R. _9112679 |
|
| 245 | 1 | 0 |
_aTransgenic plants / _cR. Ranjan. |
| 260 |
_aBikaner : _bAgro Botanical Publishers (India), _cc1996. |
||
| 300 |
_a105 p. ; _c22 cm. |
||
| 504 | _aIncludes bibliographical references (p. 103-105). | ||
| 650 |
_aTransgenic plants. _9112680 |
||
| 942 |
_2ddc _cBK |
||
| 999 |
_c36909 _d36909 |
||